000 00505nam a22001577a 4500
008 151218b xxu||||| |||| 00| 0 eng d
050 _aBX1644.V327
100 _aVaruvel, Gnanamuthu
_921384
245 _aFrom communalism to communual harmony:
_bfrom mission of the church in india
260 _aRome
_bPontificia Universitas Ubaniana
_c2009
300 _axxiv, 197p.
_c24cm.
500 _aThesis
650 _aCatholic church in India
_919334
650 _aCommunalism
_921385
942 _2lcc
_cMONOGRAPH
999 _c123900
_d123900